Szczegóły MARC21

Rysuję, czytam, piszę : [język polski : ćwiczenia dla klasy I. Z. 3] /

003 -Nazwa inst., której nr kontr. jest w polu 001 [,]
    • @
    • Nazwa instytucji, której n kontrolny jest w polu 001
    • NUKAT
005 -DATA I CZAS OSTATNIEJ MODYFIKACJI [,]
    • @
    • pole kontrolne
    • 20241231104048.0
020 -Międzynarod. znormalizowany nr książki - ISBN [ , ]
    • a
    • Numer ISBN
    • 837020130X Find
040 -Instytucja sporządzająca opis [ , ]
    • a
    • Instytucja, która sporządziła opis (NP)
    • Ł U/mn
    • c
    • Instytucja, która sporządziła rekord (NP)
    • Ł U/mn
    • d
    • Instytucja, która zmodyfikowała rekord (P)
    • Ł U/ew
    • d
    • Instytucja, która zmodyfikowała rekord (P)
    • Ł U/MRs
942 -Rodzaj dokumentu [ , ]
    • c
    • Rodzaj dokumentu
    • Książka
245 -Strefa tytułu i oznaczenia odpowiedzialności [0,0]
    • a
    • Tytuł
    • Rysuję, czytam, piszę : Find
    • b
    • Ciąg dalszy tytułu (NP)
    • [język polski : ćwiczenia dla klasy I. Find
    • n
    • Oznaczenie części (P)
    • Z. 3] /
    • c
    • Pozostałe elementy strefy tytułu i oznaczenia odpowiedzialności (NP)
    • oprac. zespół: Gustawa Grabowska, Bożena Kołakowska, Danuta Perło ; konsultant nauk. Henryk Moroz, konsultant logopeda Anna Skotnicka ; il. Teresa Wilbik-Stanny.
246 -Wariant tytułu [1,4]
    • a
    • Tytuł (NP)
    • Język polski :
    • b
    • Ciąg dalszy tytułu (NP)
    • ćwiczenia dla klasy I
260 -Strefa adresu wydawniczego [ , ]
    • a
    • Miejsce wydania (P)
    • Warszawa :
    • b
    • Nazwa wydawcy (P)
    • Oficyna Wydawnicza Almapress,
    • c
    • Data wydania (P)
    • 1992.
300 -Strefa opisu fizycznego [ , ]
    • a
    • Określenie formy książki i/lub objętość (NP)
    • 68 s. :
    • b
    • Oznaczenie ilustracji (NP)
    • il. kolor. ;
    • c
    • Format (NP)
    • 21x30 cm.
336 -Typ zawartości [ , ]
    • a
    • Termin opisujący typ zawartości
    • Tekst
    • b
    • Kod określający zawartość
    • txt
    • 2
    • Źródło (terminu i kodu)
    • rdacontent
337 -Typ mediów [ , ]
    • a
    • Tryb odtwarzania
    • Bez urządzenia pośredniczącego
    • b
    • Kod typu mediów
    • n
    • 2
    • Źródło (terminu i kodu)
    • rdamedia
338 -Typ/rodzaj nośnika [ , ]
    • a
    • Hasło opisujące typ nośnika
    • Wolumin
    • b
    • Kod typu nośnika
    • nc
    • 2
    • Źródło (terminu i kodu)
    • rdacarrier
500 -Uwaga ogólna [ , ]
    • a
    • Uwaga ogólna (NP)
    • Na okł. nr zeszytu.
500 -Uwaga ogólna [ , ]
    • a
    • Uwaga ogólna (NP)
    • Koniec tekstu na 3 s. okł.
080 -Uniwersalna Klasyfikacja Dziesiętna [ , ]
    • a
    • Symbol klasyfikacji
    • 371.671.13::808.4(0:373.3)
650 -Hasło przedmiotowe [ ,7]
    • a
    • Hasło przedmiotowe
    • Nauczanie początkowe
    • v
    • Określnik formalny
    • zadania i ćwiczenia.
    • 2
    • Źródło terminu
    • kaba
    • 9
    • KHW
    • 364104
980 -Symbol UKD [ , ]
    • a
    • UKD
    • 371.671.13::808.4(0:373.3)
700 -Hasło dodatkowe - nazwa osobowa [1, ]
    • a
    • Nazwa osobowa (NP)
    • Grabowska, Gustawa. Find
    • e
    • Określenie rodzaju współpracy
    • Oprac.
    • 9
    • KHW
    • 9806
700 -Hasło dodatkowe - nazwa osobowa [1, ]
    • a
    • Nazwa osobowa (NP)
    • Kołakowska, Bożena. Find
    • e
    • Określenie rodzaju współpracy
    • Oprac.
    • 9
    • KHW
    • 485211
700 -Hasło dodatkowe - nazwa osobowa [1, ]
    • a
    • Nazwa osobowa (NP)
    • Perło, Danuta. Find
    • e
    • Określenie rodzaju współpracy
    • Oprac.
    • 9
    • KHW
    • 485212
700 -Hasło dodatkowe - nazwa osobowa [1, ]
    • a
    • Nazwa osobowa (NP)
    • Moroz, Henryk Find
    • d
    • Daty biograficzne (NP)
    • (1924-2020).
    • e
    • Określenie rodzaju współpracy
    • Konsult.
    • 9
    • KHW
    • 19720
700 -Hasło dodatkowe - nazwa osobowa [1, ]
    • a
    • Nazwa osobowa (NP)
    • Skotnicka, Anna Find
    • c
    • Dopowiedzenie inne niż daty biograficzne (NP)
    • (pedagogika).
    • e
    • Określenie rodzaju współpracy
    • Konsult.
    • 9
    • KHW
    • 506887
700 -Hasło dodatkowe - nazwa osobowa [1, ]
    • a
    • Nazwa osobowa (NP)
    • Wilbik, Teresa Find
    • d
    • Daty biograficzne (NP)
    • (1938- ).
    • e
    • Określenie rodzaju współpracy
    • Il.
    • 9
    • KHW
    • 38326
710 -Hasło dodatkowe - nazwa ciała zbiorowego [2, ]
    • a
    • Nazwa ciała zbiorowego lub nazwa geograficzna jako pierwszy element (NP)
    • Oficyna Wydawnicza "Alma-Press".
    • 4
    • Kod relacji
    • pbl
    • 9
    • KHW
    • 58618
920 -ISBN [ , ]
    • a
    • ISBN
    • 83-7020-130-X Find
Numer inwentarzowy Status udost. Data inwentaryzacji Lokalizacja
Pd.879821996-03-11BG
Pd.879711996-03-11BNS